| 000 | 00671nam a2200205 i 4500 | ||
|---|---|---|---|
| 001 | 105602 | ||
| 003 | ES-MaACL | ||
| 005 | 20230906183930.0 | ||
| 007 | t| | ||
| 008 | 060727s1956 fr ||||1| fre d | ||
| 080 | _a821.134.2 Machado, Antonio 1.07 | ||
| 100 | 1 |
_aDarmangeat, Pierre. _942734 |
|
| 245 | 1 | 2 |
_aL'homme et le réel dans Antonio Machado / _cPierre Darmangeat. |
| 260 |
_aParis : _bLibrairie des Editions Espagnoles, _c[1956] |
||
| 300 |
_a75 p. ; _c21 cm. |
||
| 500 | _aBiblioteca Juan Andrade. | ||
| 600 | 1 | 4 |
_aMachado, Antonio, _d1875-1939- _xCrítica e interpretación _975154 |
| 852 |
_aES-MaACL _jAND-415 _bR.109719 |
||
| 999 |
_c105602 _d105602 |
||